Zamestnanosť a kúpna sila v regiónoch

Výsledky mzdového prieskumu personálnej agentúry Grafton. Skúmanie finančnej situácie obyvateľov Slovenska. Situácia na trhu práce v jednotlivých regiónoch. Prehľad výšky miezd a miery nezamestnanosti v jednotlivých regiónoch.

Guardado en:
Detalles Bibliográficos
Formato: Capítulo de libro
Lenguaje:eslovaco
Materias:
Etiquetas: Agregar Etiqueta
Sin Etiquetas, Sea el primero en etiquetar este registro!

MARC

LEADER 00000naa a2200000 4500
001 0303367
005 20240805095503.1
041 0 |a slo 
044 |a SK 
245 1 0 |a Zamestnanosť a kúpna sila v regiónoch 
520 |a Výsledky mzdového prieskumu personálnej agentúry Grafton. Skúmanie finančnej situácie obyvateľov Slovenska. Situácia na trhu práce v jednotlivých regiónoch. Prehľad výšky miezd a miery nezamestnanosti v jednotlivých regiónoch. 
610 2 0 |a miera nezamestnanosti 
610 2 0 |a mzdy 
610 2 0 |a regióny 
610 2 0 |a porovnanie regionálne 
610 2 0 |a situácia finančná obyvateľstva